000 00822nam a2200253Ia 4500
003 OSt
005 20221005113257.0
006 a|||||r|||| 00| 0
007 ta
008 221004b |||||||| |||| 00| 0 pan d
020 _a8173808961 (hbk)
_c180
024 _a5722
037 _b730, 27/06/2013, H.K. Prakashan
_cTextual
040 _aCRL
_cCRL
_bpan
041 _2pan
_apan
082 _aP, 153P4
100 _aਸਿੰਘ, ਹਰਕੀਰਤ
245 0 _aਸਾਡੀ ਭਾFਾ
260 _aਪਟਿਆਲਾ
_bਪੰਜਾਬੀ ਯੂਨੀਵਰਸਿਟੀ ਭਾਰਤ
_c2004
300 _a227ਪੰ
_ccm.
650 _aਪੰਜਾਬੀ ਭਾFਾ
942 _hP, 153P4
_cTEXL
_2cc
999 _c1027625
_d1027625